| 000 | 01245nam a22002657a 4500 | ||
|---|---|---|---|
| 005 | 20240530110446.0 | ||
| 008 | 150428s2009 ua dfkbf b 000 0 ara d | ||
| 017 |
_a2009/13384 _bمصر . دار الكتب المصرية |
||
| 020 | _a9789774209160 | ||
| 040 | _aEG-CaGPL | ||
| 082 | 0 | 4 |
_221 _a932.02\ _bق/ك إ |
| 100 |
_aكلاوس ، مانفريد _qمانفريد كلاوس |
||
| 245 | 2 | 1 |
_aالاسكندرية : _bاعظم عواصم العالم القديم / _cمانفريد كلاوس ؛ ترجمة اشرف نادى احمد ؛ مراجعة صلاح الخولى |
| 260 |
_aالقاهرة : _bالهيئة المصرية العامة للكتاب ، _c2009 . |
||
| 300 |
_a376 ص : _bايض ؛ _c24 سم |
||
| 490 | 0 |
_aسلسلة مصريات ؛ تاريخ - فن - حضارة ؛ _v7 |
|
| 504 | _aيشتمل على ارجاعات ببليوجرافية | ||
| 651 | 0 | 4 |
_aالاسكندرية _xتاريخ وفن |
| 651 | 0 | 4 |
_aالاسكندرية _xالمقابر الرومانية |
| 651 | 0 | 4 |
_aالاسكندرية _xالمقابر اليونانية |
| 700 | 0 |
_aاشرف نادى احمد _eمترجم |
|
| 700 | 0 |
_aصلاح الخولى _eمراجع |
|
| 942 |
_2ddc _cBK |
||
| 999 |
_c61150 _d61150 |
||